El derecho penal español de fin de siglo y el derecho penal latinoamericano : (Registro nro. 49539)
[ vista simple ]
| 000 -LEADER | |
|---|---|
| fixed length control field | 01349nam a2200265 4500 |
| 001 - CONTROL NUMBER | |
| control field | 0000017140 |
| 003 - CONTROL NUMBER IDENTIFIER | |
| control field | CO-CtgCURN |
| 005 - DATE AND TIME OF LATEST TRANSACTION | |
| control field | 20260203195015.0 |
| 008 - FIXED-LENGTH DATA ELEMENTS--GENERAL INFORMATION | |
| fixed length control field | 160627s1999 000 0 eng d |
| 020 ## - INTERNATIONAL STANDARD BOOK NUMBER | |
| International Standard Book Number | 9588087171 |
| 040 ## - CATALOGING SOURCE | |
| Original cataloging agency | CO-CtgCURN |
| Language of cataloging | spa |
| Transcribing agency | coctgcurn |
| 082 0# - DEWEY DECIMAL CLASSIFICATION NUMBER | |
| Classification number | 345.02 |
| Item number | C15d |
| 100 1# - MAIN ENTRY--PERSONAL NAME | |
| Personal name | Cancino, Antionio José (Coordinador) |
| 245 13 - TITLE STATEMENT | |
| Title | El derecho penal español de fin de siglo y el derecho penal latinoamericano : |
| Remainder of title | homenaje a Enrique Bacigalupo. |
| 260 ## - PUBLICATION, DISTRIBUTION, ETC. | |
| Place of publication, distribution, etc. | Bogotá : |
| Name of publisher, distributor, etc. | Ediciones Juridicas Gustavo Ibañez C, |
| Date of publication, distribution, etc. | 1999. |
| 300 ## - PHYSICAL DESCRIPTION | |
| Extent | 498 p. |
| 336 ## - CONTENT TYPE | |
| Source | rdacontent |
| 337 ## - MEDIA TYPE | |
| Source | rdamedia |
| Media type term | sin mediacion |
| Media type code | n |
| 338 ## - CARRIER TYPE | |
| Source | rdacarrier |
| Carrier type term | volumen |
| Carrier type code | nc |
| 505 8# - FORMATTED CONTENTS NOTE | |
| Formatted contents note | Crisis de la filosofia del sujeto individual.--Las medidas de seguridad en los códigos penales.--Los concursos de leyes en el nuevo Código penal.--El concepto y la prueba del dolo en la jurisprudencia del tribunal supremo español.--La libertad condicional en el Código penal español.--Delitos contra la propiedad intelectual.--Derecho penal español.--Derecho penal latinoamericano.--Estado de necesidad y responsabilidad civil.--Los delitos contra la propiedad intelectual |
| 650 #0 - SUBJECT ADDED ENTRY--TOPICAL TERM | |
| Topical term or geographic name entry element | Derecho penal |
| Geographic subdivision | España. |
| 908 ## - PUT COMMAND PARAMETER (RLIN) | |
| Put command parameter | 160627 |
| 942 ## - ADDED ENTRY ELEMENTS (KOHA) | |
| Koha item type | Libros |
| Classification part | 345.02 |
| Item part | C15d |
| Source of classification or shelving scheme | Dewey Decimal Classification |
| Withdrawn status | Lost status | Source of classification or shelving scheme | Damaged status | Not for loan | Home library | Current library | Shelving location | Date acquired | Total checkouts | Full call number | Barcode | Date last seen | Price effective from | Koha item type |
|---|---|---|---|---|---|---|---|---|---|---|---|---|---|---|
| Dewey Decimal Classification | Miguel Henríquez Castañeda | Miguel Henríquez Castañeda | General | 03/04/2019 | 345.02 C15d | 002980 | 03/04/2019 | 03/04/2019 | Libros |